| 000 | 00444nam a2200157Ia 4500 | ||
|---|---|---|---|
| 008 | 210210b2005 xxu||||| |||| 00| 0 eng d | ||
| 020 | _a81 203 2799 3 | ||
| 082 | _a658.8 KOTM | ||
| 100 | _aKOTLER (Philip) and KELLER (Kevin Lane). | ||
| 245 | _aMarketing management. Ed.12. | ||
| 250 | _a | ||
| 260 |
_aNew Delhi _bPrentice-Hall of India Private Limited _c2005 |
||
| 300 | _axxxvii,849 | ||
| 690 | _aMarketing Management | ||
| 906 | _a061215 | ||
| 999 |
_c107729 _d107729 |
||